Dreadnought Battleships - Statistics

General Stats
  • This quiz has been taken 73 times
  • The average score is 88 of 151
Answer Stats
Navy Class Fate Answer % Correct
Royal Navy Iron Duke Served as a training ship from November 1931 onwards. Sold for scrap in March 1946. Iron Duke
91%
Royal Navy Bellerophon Sold for scrap on November 8, 1921. Bellerophon
89%
Royal Navy Colossus Sold for scrap in July 1928. Colossus
89%
Kaiserliche Marine Helgoland Scrapped at Morecambe in 1921. Helgoland
89%
Kaiserliche Marine Nassau Scrapped at Dordrecht in 1920. Nassau
89%
Royal Navy Orion Sold for scrap on December 19, 1922. Orion
89%
Royal Navy Queen Elizabeth Scrapped at Dalmuir in 1948. Queen Elizabeth
89%
Royal Navy St. Vincent Sold for scrap on December 1, 1921. St. Vincent
89%
Kaiserliche Marine Bayern Scuttled at Scapa Flow on June 21, 1919. Raised and scrapped at Rosyth in 1935. Bayern
86%
Marine Nationale Courbet Scuttled at Normandy as a breakwater for the Mulberry harbours during the D-Day landings on June 9, 1944. Courbet
86%
Royal Navy - Sold for scrap on May 9, 1921. Dreadnought
86%
Kaiserliche Marine Kaiser Scuttled at Scapa Flow on June 21, 1919. Raised and scrapped at Rosyth from 1929 to 1930. Kaiser
86%
Royal Navy King George V Sold for scrap on December 1, 1926. King George V
86%
Kaiserliche Marine König Scuttled at Scapa Flow on June 21, 1919. König
86%
Marine Nationale Lyon Never started. Lyon
83%
Marine Nationale Normandie Never finished. Scrapped from 1924 to 1925. Normandie
83%
Royal Navy Revenge Scrapped at Inverkeithing in 1948. Revenge
83%
Regia Marina Andrea Doria Scrapped at La Spezia in 1961. Andrea Doria
80%
Marine Nationale Bretagne Sunk by Royal Navy ships at Mers-el-Kébir during Operation Catapult on July 4, 1940. Bretagne
80%
Regia Marina Conte di Cavour Sunk during the Battle of Taranto on November 11/12, 1940, never fully repaired. Damaged in an air raid at Trieste on February 17, 1945, scrapped in 1946. Conte di Cavour
80%
United States Navy Nevada Sunk as a target off Hawaii on July 31, 1948 after being used in Operation Crossroads. Nevada
80%
Austro-Hungarian Navy Tegetthoff Surrendered to Italy on November 10, 1918 and scrapped at La Spezia between 1924 and 1925. Tegetthoff
80%
United States Navy Colorado Scrapped in 1959. Colorado
77%
United States Navy Florida Sold for scrap at Philadelphia on February 16, 1931. Florida
77%
Imperial Japanese Navy Fusō Sunk by US ships during the Battle of Surigao Strait [Leyte Gulf] on October 25, 1944. Fusō
77%
Imperial Japanese Navy Ise Sunk by US bombers at Ondo Seto during the Bombing of Kure on July 28, 1945. Ise
77%
Imperial Japanese Navy Kawachi Sunk from internal explosion at Tokuyama Bay on July 12, 1918. Kawachi
77%
Imperial Japanese Navy Kii Never finished. Cancelled on April 14, 1924. Kii
77%
Imperial Japanese Navy Nagato Sunk as a target ship during Operation Crossroads on July 25, 1946. Nagato
77%
United States Navy New Mexico Scrapped at Newark in 1947. New Mexico
77%
United States Navy New York Sunk as a target off Hawaii on July 6, 1948 after being used in Operation Crossroads. New York
77%
Marine Nationale Courbet Scrapped at Brest in 1956. Paris
77%
United States Navy South Carolina Sold for scrap at Philadelphia on April 24, 1924. South Carolina
77%
United States Navy South Dakota Never finished. Sold for scrap on October 25, 1923. South Dakota
77%
United States Navy Tennessee Scrapped in 1959. Tennessee
77%
Imperial Japanese Navy Tosa Never finished. Used as a target ship and scuttled in Saiki Bay on February 9, 1925. Tosa
77%
Royal Navy Queen Elizabeth Decommissioned on February 1, 1945. Ran aground at Prussia Cove, Cornwall on April 19, 1947 and broken up on-site at Marazion. Warspite
77%
United States Navy Wyoming Scrapped at New York in 1947. Wyoming
77%
Royal Navy Queen Elizabeth Sunk by U-331 off Egypt on November 25, 1941. Barham
74%
Marine Nationale Courbet Wrecked in Quiberon Bay on August 26, 1922. France
74%
Imperial Russian Navy Gangut Renamed Oktyabrskaya Revolutsiya on June 27, 1925. Scrapped from 1956 to 1958. Gangut
74%
United States Navy Pennsylvania Scuttled at Kwajalein Atoll following Operation Crossroads on February 10, 1948. Pennsylvania
74%
Royal Navy Revenge Scrapped at Cairnryan in 1948. Ramillies
74%
Royal Navy Revenge Sunk by U-47 at Scapa Flow on October 14, 1939. Royal Oak
74%
United States Navy New York Preserved as a museum ship near Houston since April 21, 1948. Texas
74%
Royal Navy Queen Elizabeth Scrapped at Cairnryan in 1948. Valiant
74%
Royal Navy - Originally intended for Brazil under the name Rio de Janeiro, and then for the Ottoman Empire under the name Sultan Osman I, seized on July 31, 1914. Sold for scrap on December 19, 1922. Agincourt
71%
Royal Navy Queen Elizabeth Cancelled on August 1914. Agincourt
71%
United States Navy Delaware Sold for scrap at Boston on February 5, 1924. Delaware
71%
Regia Marina Francesco Caracciolo Never finished. Cancelled on January 2, 1921 and scrapped at Naples in 1926. Francesco Caracciolo
71%
Royal Navy Queen Elizabeth Scrapped at Faslane in 1948. Malaya
71%
Royal Navy - Sold for scrap on September 22, 1922. Neptune
71%
Royal Navy Revenge Sold to USSR on May 30, 1944 as Arkhangelsk. Returned and scrapped at Inverkeithing in 1949. Royal Sovereign
71%
United States Navy Pennsylvania Sunk by Japanese bombers during the attack on Pearl Harbour, December 7, 1941. Arizona
69%
United States Navy Wyoming Sunk as a target ship during Operation Crossroads on July 25, 1946. Arkansas
69%
Royal Navy - Originally intended for Chile under the name Almirante Latorre, purchased on September 9, 1914. Sold back to Chile in 1920 with former name restored and scrapped in 1959. Canada
69%
Imperial Russian Navy Imperatritsa Mariya Sunk from internal explosion at Sevastopol on October 20, 1916, refloated and scrapped in 1926. Imperatritsa Mariya
69%
Royal Navy Iron Duke Sold for scrap on June 27, 1932. Marlborough
66%
United States Navy South Carolina Sold for scrap at Philadelphia in 1924. Michigan
66%
Royal Navy Orion Sunk as a target ship in the English Channel on January 21, 1925. Monarch
66%
United States Navy Delaware Sold for scrap at Baltimore on March 16, 1931. North Dakota
66%
United States Navy Nevada Sunk by Japanese bombers during the attack on Pearl Harbour, December 7, 1941, never fully repaired. Sunk while under tow to be scrapped on May 17, 1947. Oklahoma
66%
Ottoman Navy Reşadiye Seized by Britain on July 31, 1914 and renamed Erin. Sold for scrap on December 19, 1922. Reşadiye
66%
Royal Navy Orion Sold for scrap on November 6, 1926. Thunderer
66%
Royal Navy St. Vincent Sunk from internal explosion at Scapa Flow on July 9, 1917. Vanguard
66%
United States Navy Colorado Scrapped in 1959. West Virginia
66%
Kaiserliche Marine Bayern Failed to scuttle at Scapa Flow on June 21, 1919 and sunk as a target ship in the English Channel on August 16, 1921. Baden
63%
Royal Navy Iron Duke Sold for scrap in March 1931. Benbow
63%
United States Navy Tennessee Scrapped in 1959. California
63%
Royal Navy Orion Sold for scrap on December 19, 1922. Conqueror
63%
Royal Navy Iron Duke Sunk as a target ship at Owers Bank on June 10 to 11, 1931 and sold for scrap on February 6, 1932. Emperor of India
63%
Royal Navy - Originally intended for the Ottoman Empire under the name Reşadiye, seized on July 31, 1914. Sold for scrap on December 19, 1922. Erin
63%
Imperial Japanese Navy Ise Sunk by US bombers during the Bombing of Kure on July 27, 1945. Hyūga
63%
United States Navy New Mexico Scrapped at Newark in 1947. Idaho
63%
United States Navy South Dakota Never finished. Scrapped on slipway. Indiana
63%
Marinha do Brasil Minas Geraes Scrapped in Genoa from 1954. Minas Geraes
63%
United States Navy New Mexico Scrapped at Baltimore in 1956. Mississippi
63%
Imperial Japanese Navy Nagato Sunk due to an internal explosion near Hashira Island on June 8, 1943. Mutsu
63%
Royal Navy Revenge Scrapped at Faslane in 1948. Resolution
63%
United States Navy Florida Sunk by Japanese bombers during the attack on Pearl Harbour, December 7, 1941. Utah
63%
Royal Navy King George V Sold for scrap on December 10, 1926. Ajax
60%
Royal Navy King George V Sunk by a mine off Ireland on October 27, 1914. Audacious
60%
Royal Navy St. Vincent Sold for scrap on December 12, 1922. Collingwood
60%
Regia Marina Conte di Cavour Sunk from internal explosion at Taranto on August 2/3, 1916. Refloated on September 17, 1919, and scrapped on March 22, 1923. Leonardo da Vinci
60%
United States Navy Colorado Scrapped in 1959. Maryland
60%
United States Navy South Dakota Never finished. Sold for scrap on October 25, 1923. North Carolina
60%
Armada de la República Argentina Rivadavia Scrapped in Genoa from 1959. Rivadavia
60%
Royal Navy Bellerophon Sold for scrap on December 12, 1923. Superb
60%
Royal Navy Bellerophon Sold for scrap on December 7, 1921. Temeraire
60%
United States Navy Colorado Cancelled on February 8, 1922 when 75.9% completed. Sunk as a target ship off Virginia Capes on November 26, 1924. Washington
60%
Royal Navy King George V Served as a blockship in WW2. Scuttled off Normandy as a breakwater for a Mulberry Harbour on June 9, 1944. Centurion
57%
Armada o Armada Española España Ran aground off Cape Tres Forcas on August 26, 1923 and destroyed in a series of storms in November 1924. España
57%
Regia Marina Conte di Cavour Transferred to USSR on February 4, 1949, renamed Novorossiysk. Sunk by an explosion in Sevastopol on October 29, 1955. Giulio Cesare
57%
Royal Navy Colossus Sold for scrap on November 8, 1921. Hercules
57%
United States Navy South Dakota Never finished. Sold for scrap on November 8, 1923. Iowa
57%
Marine Nationale Bretagne Scrapped at Brégaillon in 1954. Lorraine
57%
Imperial Japanese Navy Fusō Sunk by US ships during the Battle of Surigao Strait [Leyte Gulf] on October 25, 1944. Yamashiro
57%
Armada de Chile Almirante Latorre Purchased by Britain on September 9, 1914 and renamed Canada. Sold back in 1920 with former name restored and scrapped in Japan in 1959. Almirante Latorre
54%
Marine Nationale Courbet Renamed Océan in 1937. Scrapped at Toulon in 1945. Jean Bart
54%
United States Navy South Dakota Never finished. Sold for scrap on November 8, 1923. Massachusetts
54%
United States Navy South Dakota Never finished. Sold for scrap on October 25, 1923. Montana
54%
Marine Nationale Bretagne Scuttled at Toulon on November 27, 1942. Raised and scrapped in 1949. Provence
54%
Regia Marina - Scrapped in 1928. Dante Alighieri
51%
Imperial Japanese Navy Tosa Converted into an aircraft carrier. Sunk by US bombers during the Battle of Midway on June 4, 1942. Kaga
51%
Kaiserliche Marine Kaiser Scuttled at Scapa Flow on June 21, 1919. Raised and scrapped at Rosyth in 1936. Kaiserin
51%
Kaiserliche Marine König Scuttled at Scapa Flow on June 21, 1919. Markgraf
51%
Imperial Japanese Navy Kawachi Served as a target ship in WW2. Damaged during the Bombing of Kure on July 24, 1945, raised and scrapped from 1946 to 1947. Settsu
51%
Kaiserliche Marine Kaiser Scuttled at Scapa Flow on June 21, 1919. Raised and scrapped at Rosyth from 1935 to 1936. König Albert
49%
Austro-Hungarian Navy Tegetthoff Surrendered to France on November 10, 1918 and sunk as a target ship off Toulon on June 28, 1922. Prinz Eugen
49%
Regia Marina Andrea Doria Scrapped at La Spezia in 1957. Caio Duilio
46%
Kaiserliche Marine Bayern Never completed. Scrapped at Kiel in 1921. Sachsen
46%
Austro-Hungarian Navy Tegetthoff Sunk by Italian frogmen during the Raid on Pula on November 1, 1918. Viribus Unitis
46%
Kaiserliche Marine König Scuttled at Scapa Flow on June 21, 1919. Raised and scrapped at Rosyth in 1938. Grosser Kurfürst
43%
Kaiserliche Marine König Scuttled at Scapa Flow on June 21, 1919. Kronprinz/Kronprinz Wilhelm
43%
Kaiserliche Marine Helgoland Scrapped at Dordrecht in 1921. Oldenburg
43%
Kaiserliche Marine Helgoland Used as a target ship by the US Navy and sunk off Cape Hatteras on July 21, 1921. Ostfriesland
43%
Kaiserliche Marine Nassau Scrapped at Dordrecht in 1921. Rheinland
43%
Kaiserliche Marine Bayern Never completed. Scrapped at Hamburg in 1922. Württemberg
43%
Kaiserliche Marine Kaiser Scuttled at Scapa Flow on June 21, 1919. Raised and scrapped at Rosyth from 1936 to 1937. Friedrich der Grosse
40%
Imperial Russian Navy Gangut Damaged from a fire at Petrograd in November 24, 1919, parts used for sister ships. Renamed Frunze on January 7, 1926. Eventually scrapped from 1949. Poltava
40%
Kaiserliche Marine Nassau Scrapped at Dordrecht in 1922. Posen
40%
Kaiserliche Marine Kaiser Scuttled at Scapa Flow on June 21, 1919. Raised and scrapped at Rosyth from 1931 to 1933. Prinzregent Luitpold
40%
Austro-Hungarian Navy Tegetthoff Sunk by Italian MTBs during the Raid on Otranto, off Premuda on June 10, 1918. Szent István
40%
Kaiserliche Marine Helgoland Used as a target ship by the French Navy and sunk of Gavres. Scrapped on site from 1923 to 1933. Thüringen
40%
Marine Nationale Normandie Converted into an Aircraft Carrier. Scrapped at Savona in 1967. Béarn
37%
Marinha do Brasil - Sold to the Ottoman Empire and renamed Sultan Osman I, seized on July 31, 1914 by Britain and renamed Agincourt. Sold for scrap on December 19, 1922. Rio de Janeiro
37%
Imperial Russian Navy Gangut Renamed Parizhskaya Kommuna on March 31, 1921. Scrapped at Sevastopol from 1956 to 1957. Sevastopol
37%
Kaiserliche Marine Nassau Scrapped at Birkenhead in 1924. Westfalen
37%
Royal Navy Revenge Cancelled on August 1914. Resistance
31%
Armada o Armada Española España Renamed to España in 1931 after her namesake king was deposed. Sank after striking a friendly mine off Santander during the Spanish Civil War on April 30, 1937. Alfonso XIII
29%
Marine Nationale Normandie Never finished. Scrapped in 1924. Flandre
29%
Marinha do Brasil Minas Geraes Sunk in a storm off the Azores while under tow to be scrapped on November 6, 1951. São Paulo
29%
Imperial Russian Navy Imperatritsa Mariya Renamed Svobodnaya Rossiya in 1917. Scuttled in Novorossiysk on June 18, 1918. Imperatritsa Ekaterina Velikaya
26%
Imperial Russian Navy Gangut Renamed Marat on March 31, 1921. Sunk by German bombers at Kronstadt on September 23, 1941, never fully repaired. Renamed Volkhov in 1950 and scrapped after 1953. Petropavlovsk
26%
Imperial Russian Navy - Renamed to Demokratiia while under construction. Transferred to Ukraine in 1918 and renamed again to Soborna Ukraina. Returned to USSR, but never completed and scrapped from June 28, 1927. Imperator Nikolai I
23%
Marine Nationale Normandie Never finished. Scrapped in 1929. Languedoc
23%
Armada de la República Argentina Rivadavia Scrapped in Japan from 1957. Moreno
23%
Armada de Chile Almirante Latorre Purchased by Britain on February 28, 1918 and converted into the aircraft carrier Eagle. Sunk by U-73 off the Balearic Islands during Operation Pedestal on August 11, 1942. Almirante Cochrane
20%
Armada o Armada Española España Sunk due to an internal explosion at Cartagena on June 17, 1937. Refloated, discarded and scrapped on July 3, 1939. Jaime I
20%
Imperial Japanese Navy Kii Never finished. Cancelled on April 14, 1924. Owari
20%
Marine Nationale Lyon Never started. Lille
17%
Regia Marina Francesco Caracciolo Never finished. Cancelled on January 2, 1921. Cristoforo Colombo
14%
Marine Nationale Lyon Never started. Duquesne
14%
Marine Nationale Normandie Never finished. Scrapped from 1923 to 1924. Gascogne
14%
Marinha do Brasil - Suspended on January 14, 1915 and cancelled on May 13, 1915. Riachuelo
14%
Ottoman Navy - Originally from Brazil under the name Rio de Janeiro, seized on July 31, 1914 by Britain and renamed Agincourt. Sold for scrap on December 19, 1922. Sultan Osman-ı Evvel
14%
Marine Nationale Lyon Never started. Tourville
14%
Imperial Russian Navy Imperatritsa Mariya Renamed to Volia before completion. Surrendered to Germany on June 19, 1918, then to the Royal Navy on November 24, 1918. Returned to USSR on November 1, 1919, interned in Bizerte as part of Wrangel’s Fleet. Renamed again to General Alekseyev in 1920. Scrapped to pay for docking fees in 1936. Imperator Aleksander III
11%
Ottoman Navy Reşadiye Cancelled and scrapped in July 1914. Fatih Sultan Mehmed
9%
Regia Marina Francesco Caracciolo Never finished. Cancelled on January 2, 1921. Marcantonio Colonna
9%
Regia Marina Francesco Caracciolo Never finished. Cancelled on January 2, 1921. Francesco Morosini
6%
No matching quizzes found
Score Distribution
Percent of People with Each Score
Percentile by Number Answered
Your Score History
You have not taken this quiz